• 首页
  • 本馆介绍
  • 公告通知
  • 最新文献
  • 馆藏检索
  • 电子资源
  • 读者导购
  • 参考咨询
  • 我的图书馆
  • 登录
  • 详细信息显示
  • 放入我的书架
  • 预约/预借图书
  • 作者相关作品
  • 分类相关作品
  • 丛书相关作品
  • 出版社相关作品

书目信息

  • 表格格式
  • 工作单格式
  • 卡片格式
题名:
财富特质
    
 
作者: 麦克斯维尔 著 ;汪洪友 译
分册:  
出版信息: 北京   中国社会科学出版社  2007
页数: 199页
开本: 24cm
丛书名:
单 册:
中图分类: F279.561 , F715
科图分类:
主题词: 企业家--调查报告--英国 , 商业经营--经验--英国 , 企业家 , 商业经营
电子资源:
ISBN: 978-7-5004-6003-9
000 01154nam0 2200313 45
001 1029948402
005 20100428145444.59
010    @a978-7-5004-6003-9@dCNY25.00
100    @a20100420d2007 em y0chiy0110 ea
101 1  @achi@ceng
102    @aCN@b110000
105    @ay z 000yy
106    @ar
200 1  @a财富特质@ACai Fu Te Zhi@dThink yourself rich@e英国亿万富翁调查报告@EYing Guo Yi Wan Fu Weng Diao Cha Bao Gao@f(英)萨伦·麦克斯维尔著@F( Ying ) Sa Lun· Mai Ke Si Wei Er Zhu@g汪洪友译@zeng
210    @a北京@c中国社会科学出版社@d2007
215    @a199页@d24cm
330    @a本书收集了有史以来英国亿万富翁的最全面翔实的资料,揭示亿万富翁的为人特点、成长经历,深入认识亿万富翁的致富秘诀。
510 1  @aThink yourself rich@zeng
517 1  @a英国亿万富翁调查报告@AYing Guo Yi Wan Fu Weng Diao Cha Bao Gao
606 0  @a企业家@x调查报告@y英国
606 0  @a商业经营@x经验@y英国
606 0  @a企业家
606 0  @a商业经营
690    @aF279.561@v4
690    @aF715@v4
701  1 @a麦克斯维尔@AMai Ke Si Wei Er@4著
702  0 @a汪洪友@AWang Hong You@4译
801  0 @aCN@bTANGWEI@c20100428
905    @b0594691-95@dF279.561@e908@f5
    
    财富特质=Think yourself rich:英国亿万富翁调查报告/(英)萨伦·麦克斯维尔著/汪洪友译.-北京:中国社会科学出版社,2007
    199页;24cm
    
    
    ISBN 978-7-5004-6003-9:CNY25.00
    本书收集了有史以来英国亿万富翁的最全面翔实的资料,揭示亿万富翁的为人特点、成长经历,深入认识亿万富翁的致富秘诀。
●
相关链接 在E读中查询图书 在五车中查询图书 在当当中查询图书 在豆瓣中查询图书


正题名:财富特质     索取号:F279.561/908         预约/预借

序号 登录号 条形码 馆藏地/架位号 状态 备注
1 0594691   205946912   第一样本阅览室/ [索取号:F279.561/908] 在馆    
2 0594692   205946921   第一借阅区/ [索取号:F279.561/908] 在馆    
3 0594693   205946930   第一借阅区/ [索取号:F279.561/908] 在馆    
4 0594694   205946949   第一借阅区/ [索取号:F279.561/908] 在馆    
5 0594695   205946958   第一借阅区/ [索取号:F279.561/908] 在馆    
唐山师范学院图书馆 欢迎您!
大连网信软件有限公司© 版权所有